| 000 | 00420nam a2200145 i 4500 | ||
|---|---|---|---|
| 001 | 31536 | ||
| 003 | ES-MaACL | ||
| 007 | t| | ||
| 008 | 030129s1974 pe ||||1| spa d | ||
| 100 | 1 |
_aBelaunde Moreyra, Antonio. _927123 |
|
| 245 | 1 | 3 |
_aLa intercalación de conjuntos / _cAntonio Belaunde Moreyra. |
| 260 |
_aLima : _b[Editorial JurÃdica, _c1974] |
||
| 300 |
_a57 p. ; _c18 cm. |
||
| 852 |
_aES-MaACL _jE-5730 _bR.89778 |
||
| 999 |
_c31536 _d31536 |
||